000 00285nam a2200121Ia 4500
008 241028s9999 xx 000 0 und d
041 _aeng
082 _a158.1 SHE
100 _aJay Shetty
245 _aThink Like A Monk
260 _bHarper
_aNew York
_c2020
300 _a328;. P. 22 cm
999 _c42852
_d42852